000 00278nam a2200097Ia 4500
082 _aJ591. 77 INDI
245 0 _aIn die see
100 _a STAUNTON, Joseph [Pretoria], 2009 1ste Afrikaanse uitg
_926288
942 _cBK
008 210817s9999 xx 000 0 und d
999 _c425846
_d425845